000 00622nam a2200241Ia 4500
003 OSt
005 20221005130649.0
006 a|||||r|||| 00| 0
007 ta
008 221004b |||||||| |||| 00| 0 ben d
024 _a53636
037 _cTextual
040 _aCRL
_cCRL
_bben
041 _2ben
_aben
082 _aO157,3M61:g, 32K8
100 _aMenon Rama Au.
_9594554
245 0 _aSahasrakirananaya tagore
260 _c1968
650 _a BENGALI LITERATURE
650 _aBENGALI FICTION
942 _hO157,3M61:g, 32K8
_cTEXL
_2cc
999 _c1057944
_d1057944